书目信息 |
| 题名: |
德鲁克说管理
|
|
| 作者: | 林然 编著 | |
| 分册: | ||
| 出版信息: | 北京 北京理工大学出版社 2012 |
|
| 页数: | 10,287页 | |
| 开本: | 24cm | |
| 丛书名: | ||
| 单 册: | ||
| 中图分类: | C93-49 | |
| 科图分类: | ||
| 主题词: | 管理学 | |
| 电子资源: | ||
| ISBN: | 978-7-5640-5545-5 | |
| 000 | 00936nam0 22002531 450 | |
| 001 | 519 | |
| 005 | 20140905095038.64 | |
| 010 | @a978-7-5640-5545-5@dCNY39.80 | |
| 100 | @a20120428d2012 em y0chiy50 ea | |
| 101 | 0 | @achi |
| 102 | @aCN@b110000 | |
| 105 | @ay z 000yy | |
| 106 | @ar | |
| 200 | 1 | @a德鲁克说管理@ADe Lu Ke Shuo Guan Li@f林然编著@FLin Ran Bian Zhu |
| 210 | @a北京@c北京理工大学出版社@d2012 | |
| 215 | @a10,287页@d24cm | |
| 330 | @a一个管理者如何做到卓有成效?德鲁克告诉你:人力资源是最重要的管理、要让有才华的人为你工作、企业成功靠的是团队、领导就要做领导的事、沟通是一门艺术、会时间管理的人才能成功、要以事业的心态对待工作等。 | |
| 600 | 0 | @a德鲁克@c(Drucker, Peter F.@f1909-2005)@x管理学@j通俗读物 |
| 600 | 0 | @a德鲁克@c(Drucker, Peter Ferdinand@f1909-2005) |
| 606 | 0 | @a管理学 |
| 690 | @aC93-49@v5 | |
| 701 | 0 | @a林然@ALin Ran@4编著 |
| 801 | 0 | @aCN@bTANGWEI@c20140603 |
| 905 | @b0837630-32@dC93-49@e479@f3 | |
| 德鲁克说管理/林然编著.-北京:北京理工大学出版社,2012 |
| 10,287页;24cm |
| ISBN 978-7-5640-5545-5:CNY39.80 |
| 一个管理者如何做到卓有成效?德鲁克告诉你:人力资源是最重要的管理、要让有才华的人为你工作、企业成功靠的是团队、领导就要做领导的事、沟通是一门艺术、会时间管理的人才能成功、要以事业的心态对待工作等。 |
| ● |
| 相关链接 |
|
|
|
|
正题名:德鲁克说管理
索取号:C93-49/479
 
预约/预借
| 序号 | 登录号 | 条形码 | 馆藏地/架位号 | 状态 | 备注 |
| 1 | 0837630 | 208376309 | 第一样本阅览室/ [索取号:C93-49/479] | 在馆 | |
| 2 | 0837631 | 208376318 | 第一借阅区/ [索取号:C93-49/479] | 在馆 | |
| 3 | 0837632 | 208376327 | 第一借阅区/ [索取号:C93-49/479] | 在馆 |